African Capitals by Letter - A - Statistics

General Stats
  • This quiz has been taken 104 times
  • The average score is 6 of 6
Answer Stats
Answer % Correct
Abuja
98%
Accra
94%
Addis Ababa
94%
Algiers
93%
Antananarivo
89%
Asmara
83%
No matching quizzes found
Score Distribution
Percent of People with Each Score
Percentile by Number Answered
Your Score History
You have not taken this quiz